Célébrités mal dessinées - Statistiques

Statistiques générales
  • Ce quiz a été pris 1 648 fois
  • Le résultat moyen est 6 sur 8
Statistiques - réponses
Par images Réponse % Correct
Donald trump
99%
Michael Jackson
96%
Kim K
85%
Ed Sheeran
78%
Marilyn Monroe
71%
Johnny Depp
70%
Elizabeth II
61%
Taylor Swift
46%
Aucun quiz correspondant
Distribution des résultats
% des personnes avec chaque résultat
Percentile par nombre de réponses
Votre historique - résultats
Vous n’avez pas pris ce quiz